| 000 | 00568nam a22002297a 4500 | ||
|---|---|---|---|
| 005 | 20210426114923.0 | ||
| 008 | 210204b2010 ||||| |||| 00| 0 eng d | ||
| 020 | _a9780307459657 | ||
| 040 | _cDLC | ||
| 041 | _aeng | ||
| 080 |
_a15 _bC-43 |
||
| 100 |
_9786 _aChristopher,Chabris |
||
| 245 | _aThe invisible gorilla | ||
| 250 | _bFirst edition | ||
| 260 |
_aNew York : _bcrovn _c2010 |
||
| 300 | _a306 p. : | ||
| 365 | _a27.00 USD | ||
| 650 | 0 |
_9134 _aPsychology |
|
| 653 | _aფსიქოლოგია | ||
| 700 |
_9787 _aSimons,Daniel |
||
| 942 |
_2udc _cBK |
||
| 999 |
_c1193 _d1193 |
||